L'Attaque des Titans / SNK Personnages - Statistiques

Statistiques générales
  • Ce quiz a été pris 1 449 fois
    209 depuis la dernière actualisation
  • Le résultat moyen est 46 sur 201
Statistiques - réponses
Indice Réponse % Correct
Escouade Levi / Yeageriste Eren Yeager / Eren Jäger
96%
Escouade Levi Mikasa Ackerman
94%
Escouade Levi Levi Ackerman / Livaï
93%
Major du Bataillon Erwin Smith
91%
Escouade Levi Armin Arlert
90%
Escouade Levi Sasha Blouse / Sasha Braus
89%
Escouade Levi Connie Springer
88%
Guerrier Mahr Reiner Braun
88%
Escouade Hange Hange Zoë / Hansi
87%
Escouade Levi Jean Kirstein
87%
Guerrier Mahr Bertolt Hoover
84%
Escouade Levi Historia Reiss / Krista Lenz
84%
Bataillon d'Exploration Ymir
84%
Famille Fritz Ymir Fritz
84%
Guerrier Mahr Annie Leonhart
82%
Guerrier Mahr Gabi Braun
72%
Guerrier Mahr Falco Grice / Falco Gleis
70%
Escouade Mike Mike Zacharias
70%
Escouade Levi Petra Ral
70%
Équipe Anti-Humaine Kenny Ackerman
69%
Garnison Dot Pixis
67%
Famille Yeager Grisha Yeager
67%
104ème Brigade d'Entraînement Marco Bott
67%
Guerrier Mahr Zeke Yeager / Sieg
67%
Bataillon d'Exploration / Yeageriste Floch Forster / Frock Vorster
61%
Famille Yeager Carla Yeager
59%
Guerrier Mahr Pieck Finger
57%
Guerrier Mahr Porco Galliard
57%
Famille Royal Rod Reiss / Rhodes
55%
Cuisinier Niccolo
53%
Famille Tybur Willy Tybur
48%
Mercenaire Anti-Mahr Yelena
47%
Garnison Hannes
45%
Armée Mahr Theo Magath
44%
Sergent Instructeur Keith Shadis
43%
Famille Fritz Roi Fritz
43%
Escouade Levi Oluo Bozad / Auruo Bossard
42%
Famille Royal Frieda Reiss
41%
Guerrier Mahr Marcel Galliard
40%
Famille Royal Dina Fritz
39%
Général des Armées Darius Zackly / Daris Zackley
37%
Mercenaire Anti-Mahr Onyankopon
37%
Escouade Mike Nanaba
35%
Révérend Nick
34%
Escouade Levi Eld Jinn / Erd Gin
33%
Brigade Spéciale / Yeageriste Hitch Dreyse
33%
Escouade Hange Moblit Berner
33%
Soldat Mahr Eren Kruger
32%
Famille Tybur Lara Tybur
32%
Escouade Mike Thomas
32%
104ème Brigade d'Entraînement Thomas Wagner
32%
Famille Fritz Maria Fritz
31%
Escouade Levi Gunther Schultz
30%
Famille Fritz Rose Fritz
30%
Famille Fritz Sheena Fritz / Sina
29%
Guerrier Mahr Zofia / Sophia
29%
Brigade Spéciale Marlowe Freudenberg / Marlo
27%
Guerrier Mahr Udo
27%
Compagnie Reeves Dimo Reeves
26%
Famille Royal Karl Fritz
26%
Guerrier Mahr Colt Grice / Kord Gleis
25%
Famille Ackerman Kuchel Ackerman
25%
104ème Brigade d'Entraînement Mina Carolina
25%
Brigade Spéciale Nile Dok / Naile Dork
25%
Famille Royal Uri Reiss / Uli
24%
104ème Brigade d'Entraînement /Yeageriste Daz
23%
104ème Brigade d'Entraînement /Yeageriste Samuel Jackson
23%
104ème Brigade d'Entraînement Tom
23%
Garnison Ian Dietrich
22%
Habitant du Paradis Lou
20%
Titan Bean
19%
Compagnie Reeves Flegel Reeves
19%
Famille Blouse / Braus (Adoptive) Kaya
19%
Famille Azumabito Kiyomi Azumabito
19%
Titan Sonny
18%
Famille Royal Abel Reiss
17%
Yeageriste Louise
17%
Escouade Hange Nifa
17%
Guerrier Mahr Tom Ksaver / Xaver
17%
Cheval du Bataillon Charlotte / Charrette
16%
Fausse Famille Royal Faux Roi Fritz
16%
Garnison / Yeageriste Rico Brzenska
16%
Famille Tybur Rico Tybur
16%
104ème Brigade d'Entraînement Franz Kefka
15%
Escouade Mike Gelgar
14%
Bataillon d'Exploration Isabel Magnolia
14%
Famille Springer Sunny Springer
14%
Garnison Mitabi Jarnach
13%
Journal Stohess Berg Peaure / Pyré
13%
Eldien Faye Yeager
12%
Famille Springer Martin Springer
12%
Légende Démon de la Terre / Parasite
11%
Légende Helos
11%
Escouade Hange Abel
10%
Garnison Anka Rheinberger
10%
Famille Blouse / Braus Artur Blouse / Artur Braus
10%
Bataillon d'Exploration Dita Ness
10%
Eldien Grice / Gleis
10%
104ème Brigade d'Entraînement Hannah Diamant
10%
Garnison Lobov
10%
Famille Ackerman M. Ackerman
10%
Famille Dok Marie Dok
10%
Famille Ackerman Mme. Ackerman
10%
Famille Arlert Mme. Arlert
10%
Famille Kirstein Mme. Kirstein
10%
Famille Springer Mme. Springer
10%
Équipe Anti-Humaine Traute Caven
10%
Armée Mahr Calvi
9%
Bataillon d'Exploration Darius Baer-Varbrun
9%
Bataillon d'Exploration Dirk
9%
Famille Royal Florian Reiss
9%
Garnison Fugo / Hugo
9%
Bataillon d'Exploration Furlan Church
9%
Réfugier Halil
9%
Escouade Mike Henning
9%
Eldien Karina Braun
9%
Famille Blouse / Braus Lisa Blouse / Lisa Braus
9%
Famille Arlert M. Arlert
9%
Famille Springer M. Springer
9%
104ème Brigade d'Entraînement Mylius Zeramuski
9%
Garnison Phil
9%
Réfugier Ramzi
9%
Habitant du Paradis Alma
8%
Famille Royal Dirk Reiss
8%
Soldat Mahr Gross
8%
Bataillon d'Exploration Ilse Langnar
8%
Famille Ral M. Ral
8%
Famille Smith M. Smith
8%
104ème Brigade d'Entraînement Nac Tias
8%
Brigade Spéciale Boris Feulner
7%
Armée Mahr Carlo
7%
Équipe Anti-Humaine Duran
7%
Bataillon d'Exploration Gordon
7%
Mercenaire Anti-Mahr Griez
7%
Yeageriste Holger
7%
Compagnie Reeves Jim
7%
Escouade Hange Keiji
7%
Escouade Hange Lauda
7%
Bataillon d'Exploration Luke Siss
7%
Escouade Mike Lynne
7%
Bataillon d'Exploration Marlene
7%
Ami des Tybur Nambia
7%
Brigade Spéciale Ralph
7%
Brigade Spéciale Roeg
7%
Bataillon d'Exploration Sandra
7%
Habitant du Paradis Wald
7%
Noble Wald / Balto
7%
Yeageriste Wim
7%
Compagnie Reeves Dan
6%
Brigade Spéciale Djel Sannes
6%
Bataillon d'Exploration Harold
6%
Garnison Kitz Weilman
6%
Armée Mahr Koslow
6%
Famille Royal Mme. Reiss
6%
Bataillon d'Exploration Moses Braun
6%
104ème Brigade d'Entraînement Ruth D. Kline
6%
Ancien Sergent Instructeur Claude Duvalier
5%
Brigade Spéciale Dennis Aiblinger
5%
Habitant du Paradis Ellie
5%
Bataillon d'Exploration Flagon Turret
5%
Garnison Gustav
5%
Habitant du Paradis Mme. Braun
5%
Ami des Tybur Ogweno
5%
Yeageriste Oliver
5%
Escouade Hange Rashad
5%
Brigade Spéciale Roger
5%
Journal Stohess Berg Roy
5%
Brigade Spéciale Waltz
5%
Famille Tybur Alois Tybur
4%
Conseil Royal Aurille
4%
Famille Tybur Bruno Tybur
4%
Cheval du Bataillon Buchwald
4%
Garnison Carsten
4%
Conseil Royal Deltoff
4%
Bataillon d'Exploration Dieter
4%
Famille Tybur Fine Tybur
4%
Conseil Royal Gerald
4%
Bataillon d'Exploration Ivan
4%
Bataillon d'Exploration Jurgen
4%
Bataillon d'Exploration Klaus
4%
Bataillon d'Exploration Lima
4%
Eldien M. Finger
4%
Eldien M. Leonhart
4%
Eldien Mme. Yeager
4%
104ème Brigade d'Entraînement Mobb
4%
Armée Mahr Muller
4%
Eldien M. Yeager
4%
Habitant du Paradis Nicholas Lovof
4%
Bataillon d'Exploration Sairam
4%
Yeageriste Surma
4%
Bataillon d'Exploration Beirer
3%
Habitant du Paradis Carly Stratmann
3%
Eldien Comrade D
3%
Habitant du Paradis Elliot Gunberg Stratmann
3%
Habitant du Paradis Homme Miroire
3%
Habitant du Paradis Kemper Boltz
3%
Bataillon d'Exploration Peer
3%
Conseil Royal Roderich
3%
Famille Royal Urklyn Reiss
3%
Bataillon d'Exploration Varis
3%
Habitant du Paradis Yan
3%
Aucun quiz correspondant
Distribution des résultats
% des personnes avec chaque résultat
Percentile par nombre de réponses
Votre historique - résultats
Vous n’avez pas pris ce quiz depuis la dernière actualisation